[Event "Brasschaat op"]
[Site "Brasschaat"]
[Date "2024.08.21"]
[Round "5"]
[White "Beukema, Constantijn"]
[Black "Butzen, Robin"]
[Result "0-1"]
[WhiteElo "2016"]
[BlackElo "2107"]
[PlyCount "62"]
[EventDate "2024.08.17"]
[EventType "swiss"]
[EventRounds "9"]
[EventCountry "BEL"]
[SourceTitle "EXT 2025"]
[Source "ChessBase"]
[SourceDate "2024.10.14"]
[SourceVersion "1"]
[SourceVersionDate "2024.10.14"]
[SourceQuality "1"]

1. e4 c5 2. Nc3 d6 3. g3 Nc6 4. Bg2 g6 5. d3 Bg7 6. Be3 Rb8 7. Nge2 b5 8. Qd2 b4 9. Nd1 Nd4 10. 0-0 h5 11. c3 Nxe2+ 12. Qxe2 h4 13. d4 bxc3 14. bxc3 Qa5 15. Re1 cxd4 16. Bxd4 e5 17. Be3 Be6 18. Qd2 Qa3 19. f3 hxg3 20. hxg3 Nf6 21. Nf2 Nh5 22. g4 Rb2 23. Qc1 Nf4 24. Bxf4 exf4 25. Qxf4 Be5 26. Qe3 Bh2+ 27. Kf1 Bc4+ 28. Nd3 Qxc3 29. Rad1 Be5 30. Re2 Bd4 31. Rc1 Qxd3 0-1

[Event "Brasschaat op"]
[Site "Brasschaat"]
[Date "2024.08.19"]
[Round "3"]
[White "Cuyvers, Jens"]
[Black "Butzen, Robin"]
[Result "0-1"]
[WhiteElo "1936"]
[BlackElo "2107"]
[PlyCount "119"]
[EventDate "2024.08.17"]
[EventType "swiss"]
[EventRounds "9"]
[EventCountry "BEL"]
[SourceTitle "EXT 2025"]
[Source "ChessBase"]
[SourceDate "2024.10.14"]
[SourceVersion "1"]
[SourceVersionDate "2024.10.14"]
[SourceQuality "1"]

1. d4 d5 2. c4 c6 3. cxd5 cxd5 4. Nc3 Nf6 5. Bf4 Nc6 6. e3 a6 7. Rc1 Bf5 8. Bd3 Bxd3 9. Qxd3 e6 10. Nf3 Be7 11. h3 Nd7 12. 0-0 Nb6 13. Nd2 0-0 14. a3 Na5 15. Ncb1 Rc8 16. Rxc8 Qxc8 17. Nb3 Nac4 18. Rc1 Na4 19. e4 Naxb2 20. Qe2 dxe4 21. Qxe4 Qd7 22. Nc5 Bxc5 23. dxc5 Qd5 24. Nc3 Qxe4 25. Nxe4 e5 26. Bg3 Rc8 27. Rc2 f5 28. Bxe5 fxe4 29. Bxb2 Rxc5 30. Bd4 Rc6 31. a4 Kf7 32. Re2 Re6 33. Rc2 b5 34. axb5 axb5 35. Ra2 Re7 36. Bc5 Rc7 37. Bb4 Ke6 38. Ra8 Rb7 39. Re8+ Kd5 40. Rh8 Ne5 41. Rxh7 Nd3 42. Bf8 Rf7 43. Rh5+ Kc4 44. Bd6 b4 45. Rh4 b3 46. Rxe4+ Kc3 47. Re3 Kc2 48. Re2+ Kd1 49. Re8 b2 50. Rb8 Kc2 51. Rc8+ Kd1 52. Rb8 Kc2 53. Rc8+ Kd2 54. Rb8 Ra7 55. Bf4+ Kc2 56. Rc8+ Kd1 57. Rb8 Ra1 58. Be5 Kc2+ 59. Kh2 Nxe5 60. Rxb2+ 0-1

[Event "Ghent op 45th"]
[Site "Ghent"]
[Date "2024.07.24"]
[Round "9"]
[White "Butzen, Robin"]
[Black "Ruzhansky, Elias"]
[Result "1/2-1/2"]
[WhiteElo "2025"]
[BlackElo "2242"]
[PlyCount "171"]
[EventDate "2024.07.20"]
[EventType "swiss"]
[EventRounds "9"]
[EventCountry "BEL"]
[SourceTitle "CBM 221 Extra"]
[Source "ChessBase"]
[SourceDate "2024.09.30"]
[SourceVersion "1"]
[SourceVersionDate "2024.09.30"]
[SourceQuality "1"]

1. d4 d5 2. c4 e6 3. Nf3 Nf6 4. Nc3 Be7 5. Bf4 0-0 6. e3 Nbd7 7. c5 Nh5 8. Bd3 Nxf4 9. exf4 c6 10. 0-0 g6 11. b4 b6 12. Qe2 bxc5 13. bxc5 Qa5 14. Rfc1 Bf6 15. Rab1 Rb8 16. Rxb8 Nxb8 17. Qc2 Ba6 18. Ne5 Qb4 19. Bxa6 Bxe5 20. fxe5 Nxa6 21. Qd3 Qa3 22. Rb1 Rb8 23. Rxb8+ Nxb8 24. g3 Na6 25. Kg2 Nb4 26. Qd2 Qa5 27. Qe2 Qa3 28. Qd2 Qa5 29. Qe2 h5 30. h4 Qa3 31. Qd2 Qa5 32. Qe2 Qa3 33. Qd2 Qa6 34. Qg5 Qd3 35. Qd8+ Kh7 36. Qf6 Qf5 37. Qxf5 exf5 38. Kf3 Nc2 39. Ne2 Kg7 40. Kf4 f6 41. exf6+ Kxf6 42. Kf3 a5 43. a4 g5 44. hxg5+ Kxg5 45. Kg2 h4 46. gxh4+ Kxh4 47. f3 Kg5 48. Kg3 Kf6 49. Kf4 Na3 50. Ng3 Nb1 51. Nxf5 Nc3 52. Nd6 Nxa4 53. Nb7 Nb2 54. Nxa5 Nd3+ 55. Ke3 Nb4 56. Kd2 Ke6 57. Kc3 Na2+ 58. Kb2 Nb4 59. Kb3 Nd3 60. Nxc6 Nf4 61. Kc3 Ne2+ 62. Kd3 Nf4+ 63. Ke3 Ng2+ 64. Kf2 Nf4 65. Ne5 Ke7 66. Ke3 Ng2+ 67. Kd2 Nf4 68. Nd3 Ne6 69. Ke3 Kf6 70. Ne5 Ng7 71. Kd3 Ne6 72. Nd7+ Ke7 73. Nb6 Nf4+ 74. Ke3 Ng2+ 75. Kd2 Nf4 76. Na4 Kd7 77. Nc3 Ke6 78. Ne2 Ng6 79. Ke3 Ne7 80. Kf4 Nc6 81. Kg5 Ne7 82. f4 Nf5 83. Nc3 Nxd4 84. Nxd5 Kxd5 85. f5 Nxf5 86. Kxf5 1/2-1/2

[Event "Ghent op 45th"]
[Site "Ghent"]
[Date "2024.07.22"]
[Round "6"]
[White "Pirard, Natan"]
[Black "Butzen, Robin"]
[Result "1/2-1/2"]
[WhiteElo "2312"]
[BlackElo "2025"]
[PlyCount "79"]
[EventDate "2024.07.20"]
[EventType "swiss"]
[EventRounds "9"]
[EventCountry "BEL"]
[SourceTitle "CBM 221 Extra"]
[Source "ChessBase"]
[SourceDate "2024.09.30"]
[SourceVersion "1"]
[SourceVersionDate "2024.09.30"]
[SourceQuality "1"]

1. a3 d5 2. Nf3 Nf6 3. e3 c6 4. c4 Nbd7 5. d4 e6 6. b3 Bd6 7. Bb2 b6 8. Nbd2 0-0 9. Bd3 Bb7 10. 0-0 Rc8 11. Qe2 c5 12. Ne5 cxd4 13. exd4 Qe7 14. Rfe1 Rfd8 15. Qe3 Nf8 16. Qg5 N6d7 17. Qg4 Nxe5 18. dxe5 Bc5 19. Red1 a5 20. h4 Ba6 21. Bf1 dxc4 22. Bxc4 b5 23. Bf1 Kh8 24. h5 h6 25. a4 Bxf2+ 26. Kxf2 Rc2 27. axb5 Rdxd2+ 28. Rxd2 Rxd2+ 29. Kg1 Qc5+ 30. Kh1 Bb7 31. Ba3 Qxe5 32. Rd1 Rxd1 33. Qxd1 Qb8 34. Bb2 Qf4 35. Qc1 Qxc1 36. Bxc1 Nd7 37. Bd2 Nc5 38. Bc4 a4 39. b4 Ne4 40. Bc1 1/2-1/2

[Event "Ghent op 45th"]
[Site "Ghent"]
[Date "2024.07.21"]
[Round "4"]
[White "Venkataramanan, TS."]
[Black "Butzen, Robin"]
[Result "0-1"]
[WhiteElo "2253"]
[BlackElo "2025"]
[PlyCount "48"]
[EventDate "2024.07.20"]
[EventType "swiss"]
[EventRounds "9"]
[EventCountry "BEL"]
[SourceTitle "CBM 221 Extra"]
[Source "ChessBase"]
[SourceDate "2024.09.30"]
[SourceVersion "1"]
[SourceVersionDate "2024.09.30"]
[SourceQuality "1"]

1. Nf3 d5 2. d4 Nf6 3. c4 c6 4. e3 e6 5. Nc3 Nbd7 6. Bd3 dxc4 7. Bxc4 b5 8. Bd3 Bb7 9. 0-0 a6 10. Qe2 c5 11. Rd1 Qb6 12. b3 Rc8 13. Bb2 Be7 14. Rac1 0-0 15. Bb1 Rfd8 16. h3 Qa5 17. e4 cxd4 18. Nxd4 Ba3 19. Bxa3 Qxa3 20. e5 Nd5 21. Qh5 Nf8 22. Nce2 Rxc1 23. Rxc1 Nf4 24. Qg5 Rxd4 0-1

[Event "BEL-chT 2324"]
[Site "Belgium"]
[Date "2023.10.15"]
[Round "2.8"]
[White "Butzen, Robin"]
[Black "Van de Wynkele, Eric"]
[Result "1-0"]
[WhiteElo "2064"]
[BlackElo "1970"]
[PlyCount "71"]
[EventDate "2023.09.24"]
[EventType "team-tourn"]
[EventRounds "11"]
[EventCountry "BEL"]
[SourceTitle "EXT 2025"]
[Source "ChessBase"]
[SourceDate "2024.10.14"]
[SourceVersion "1"]
[SourceVersionDate "2024.10.14"]
[SourceQuality "1"]
[WhiteTeam "Mechelen"]
[BlackTeam "Jean Jaures Ghent"]
[WhiteTeamCountry "BEL"]
[BlackTeamCountry "BEL"]

1. d4 f5 2. c4 e6 3. Nf3 Nf6 4. Nc3 d5 5. Bf4 c6 6. e3 Bd6 7. Bxd6 Qxd6 8. Bd3 Nbd7 9. 0-0 Ne4 10. Qc2 0-0 11. Rab1 b6 12. b4 Ba6 13. b5 Nxc3 14. Qxc3 dxc4 15. Bxc4 Bb7 16. Qb3 Rf6 17. Ng5 Nf8 18. Rbc1 cxb5 19. Qxb5 a6 20. Qe5 Qxe5 21. dxe5 Rg6 22. f4 b5 23. Bb3 Bd5 24. Rc7 Bxb3 25. axb3 Rd8 26. Ra1 Rd3 27. Rxa6 h6 28. Nf3 Rxe3 29. Kf1 Rxb3 30. Ra8 Rb1+ 31. Ne1 Rg4 32. g3 Rb2 33. Nf3 Rb3 34. Ke2 Rb2+ 35. Nd2 h5 36. Rcc8 1-0

[Event "BEL-chT 2324"]
[Site "Belgium"]
[Date "2023.09.24"]
[Round "1.7"]
[White "Butzen, Robin"]
[Black "Polak, Alexander"]
[Result "0-1"]
[WhiteElo "2064"]
[BlackElo "2185"]
[PlyCount "82"]
[EventDate "2023.09.24"]
[EventType "team-tourn"]
[EventRounds "11"]
[EventCountry "BEL"]
[SourceTitle "EXT 2025"]
[Source "ChessBase"]
[SourceDate "2024.10.14"]
[SourceVersion "1"]
[SourceVersionDate "2024.10.14"]
[SourceQuality "1"]
[WhiteTeam "Mechelen"]
[BlackTeam "KGSRL"]
[WhiteTeamCountry "BEL"]
[BlackTeamCountry "BEL"]

1. d4 d5 2. c4 e6 3. Nf3 Nf6 4. Nc3 Be7 5. Bf4 0-0 6. e3 Nh5 7. c5 Nxf4 8. exf4 Nc6 9. Bd3 b6 10. cxb6 axb6 11. a3 Bf6 12. Nb5 Ba6 13. Bxh7+ Kxh7 14. Qc2+ Kg8 15. Qxc6 Bxb5 16. Qxb5 c5 17. 0-0 Qd6 18. g3 Rfc8 19. Rfd1 c4 20. Ne5 Ra5 21. Qb4 Qxb4 22. axb4 Rb5 23. Ra4 Be7 24. Rda1 f6 25. Ra8 Rxa8 26. Rxa8+ Kh7 27. Nc6 Bxb4 28. Ra2 Bd2 29. Kf1 Bc1 30. Ke2 Bxb2 31. Kd2 Rb3 32. Kc2 Ba3 33. Nd8 Rf3 34. Nxe6 b5 35. Kd1 Rd3+ 36. Ke2 b4 37. g4 b3 38. Rxa3 b2 39. Ra8 b1Q 40. Nf8+ Kh6 41. g5+ Kh5 0-1

[Event "Geraardsbergen op 38th"]
[Site "Geraardsbergen"]
[Date "2023.08.07"]
[Round "3"]
[White "Butzen, Robin"]
[Black "Bosboom, Manuel"]
[Result "0-1"]
[WhiteElo "2052"]
[BlackElo "2338"]
[PlyCount "68"]
[EventDate "2023.08.06"]
[EventType "swiss"]
[EventRounds "9"]
[EventCountry "BEL"]
[SourceTitle "CBM 215 Extra"]
[Source "ChessBase"]
[SourceDate "2023.09.30"]
[SourceVersion "1"]
[SourceVersionDate "2023.09.30"]
[SourceQuality "1"]

1. d4 Nf6 2. c4 g6 3. Nc3 Bg7 4. e4 d6 5. Be2 0-0 6. Nf3 Nbd7 7. 0-0 e5 8. Re1 exd4 9. Nxd4 Re8 10. Bf1 c6 11. Kh1 Nc5 12. f3 Nh5 13. g3 f5 14. Bg2 fxe4 15. fxe4 Nf6 16. Bf4 Ng4 17. Qd2 Nd3 18. Rf1 Nxb2 19. Nxc6 bxc6 20. Qxb2 Qa5 21. Rac1 Ne5 22. Rfd1 Be6 23. Bf1 Rad8 24. Qb3 Ng4 25. Rd2 Qh5 26. Rcc2 Rf8 27. Kg1 Qc5+ 28. Kh1 g5 29. Na4 Qa5 30. h3 gxf4 31. hxg4 Rb8 32. Qa3 fxg3 33. Bd3 Bxg4 34. Rc1 Qxd2 0-1

[Event "Amsterdam Science Park op-A"]
[Site "Amsterdam"]
[Date "2023.07.17"]
[Round "3"]
[White "Butzen, Robin"]
[Black "Wunnink, Michael"]
[Result "1/2-1/2"]
[WhiteElo "2035"]
[BlackElo "2252"]
[PlyCount "58"]
[EventDate "2023.07.15"]
[EventType "swiss"]
[EventRounds "9"]
[EventCountry "NED"]
[SourceTitle "CBM 215 Extra"]
[Source "ChessBase"]
[SourceDate "2023.09.30"]
[SourceVersion "1"]
[SourceVersionDate "2023.09.30"]
[SourceQuality "1"]

1. d4 Nf6 2. c4 e6 3. Nc3 d5 4. cxd5 exd5 5. Bg5 c6 6. e3 h6 7. Bh4 Be7 8. Bd3 0-0 9. Qc2 Re8 10. Nf3 Ne4 11. Bxe7 Qxe7 12. 0-0 Bf5 13. Nd2 Nd7 14. Bxe4 dxe4 15. Na4 Qg5 16. Kh1 Nf6 17. Rfc1 Qh4 18. Nf1 Ng4 19. f4 exf3 20. Qxf5 fxg2+ 21. Kxg2 Rxe3 22. Rc2 Rae8 23. Nc3 R3e6 24. Kg1 Rf6 25. Qd3 Nf2 26. Qd2 Nh3+ 27. Kh1 Nf2+ 28. Kg1 Nh3+ 29. Kh1 Nf2+ 1/2-1/2

[Event "BEL-chT 2223"]
[Site "Belgium"]
[Date "2022.10.16"]
[Round "2.6"]
[White "Meessen, Rudolf"]
[Black "Butzen, Robin"]
[Result "1-0"]
[WhiteElo "2149"]
[BlackElo "2063"]
[PlyCount "49"]
[EventDate "2022.09.25"]
[EventType "team-tourn"]
[EventRounds "11"]
[EventCountry "BEL"]
[SourceTitle "EXT 2024"]
[Source "ChessBase"]
[SourceDate "2023.10.10"]
[SourceVersion "1"]
[SourceVersionDate "2023.10.10"]
[SourceQuality "1"]
[WhiteTeam "Eupen Rochade"]
[BlackTeam "Mechelen"]
[WhiteTeamCountry "BEL"]
[BlackTeamCountry "BEL"]

1. d4 d5 2. Nc3 Nf6 3. Bf4 c5 4. e3 cxd4 5. exd4 a6 6. Nf3 Nc6 7. Ne5 Bd7 8. g4 Nxe5 9. dxe5 Bxg4 10. f3 Nh5 11. fxg4 Nxf4 12. Qd4 Ne6 13. Qa4+ Qd7 14. Bb5 axb5 15. Qxa8+ Nd8 16. Qa5 Qxg4 17. Qxb5+ Nc6 18. Qxb7 Nd4 19. Qa8+ Kd7 20. Qxd5+ Kc8 21. Rd1 Qh4+ 22. Kd2 Qf2+ 23. Kd3 Nf5 24. Qc6+ Kb8 25. Kc4 1-0

[Event "Antwerp World Uni op"]
[Site "Antwerp"]
[Date "2022.09.17"]
[Round "9"]
[White "Boudry, William"]
[Black "Butzen, Robin"]
[Result "0-1"]
[WhiteElo "2109"]
[BlackElo "2063"]
[PlyCount "112"]
[EventDate "2022.09.12"]
[EventType "swiss"]
[EventRounds "9"]
[EventCountry "BEL"]
[SourceTitle "EXT 2023"]
[Source "ChessBase"]
[SourceDate "2022.10.05"]
[SourceVersion "1"]
[SourceVersionDate "2022.10.05"]
[SourceQuality "1"]

1. e4 c5 2. Nf3 d6 3. Bb5+ Nd7 4. 0-0 a6 5. Bxd7+ Bxd7 6. c3 Nf6 7. Re1 Bg4 8. d4 e6 9. Nbd2 Be7 10. e5 dxe5 11. dxe5 Nd7 12. Qa4 Bh5 13. h4 Bg6 14. Nf1 0-0 15. Ng3 h6 16. Be3 Qc7 17. Rad1 Rad8 18. h5 Bh7 19. Qg4 Kh8 20. Bf4 c4 21. Nd4 Nc5 22. b4 cxb3 23. axb3 Nd3 24. Re3 Nxf4 25. Qxf4 Bg5 26. Qf3 Bxe3 27. Qxe3 Rd5 28. f4 Rfd8 29. Rf1 Rc5 30. c4 b5 31. cxb5 axb5 32. Kh2 Rc3 33. Qf2 Bd3 34. Nde2 Bxe2 35. Qxe2 Rxb3 36. f5 Qc4 37. Qxc4 bxc4 38. fxe6 fxe6 39. Ne4 Rd4 40. Rf8+ Kh7 41. Nd6 Rh4+ 42. Kg1 c3 43. Rc8 Rxh5 44. Ne4 Rxe5 45. Nc5 Ra3 46. Nd7 Re2 47. Nf8+ Kg8 48. Nxe6+ Kf7 49. Nf4 Re7 50. Kh2 Rd7 51. Ne2 Ra2 52. Nxc3 Rc2 53. Rc4 Kg8 54. Rc5 Rdd2 55. Kh1 Rc1+ 56. Kh2 Rdc2 0-1

[Event "Antwerp World Uni blitz op"]
[Site "Antwerp"]
[Date "2022.09.14"]
[Round "9"]
[White "De Block, Yordi"]
[Black "Butzen, Robin"]
[Result "1-0"]
[WhiteElo "2015"]
[BlackElo "1887"]
[PlyCount "39"]
[EventDate "2022.09.14"]
[EventType "swiss (blitz)"]
[EventRounds "9"]
[EventCountry "BEL"]
[SourceTitle "CBM 210 Extra"]
[Source "ChessBase"]
[SourceDate "2022.11.30"]
[SourceVersion "1"]
[SourceVersionDate "2022.11.30"]
[SourceQuality "1"]

1. d4 d5 2. Bf4 Nf6 3. e3 c5 4. Nc3 cxd4 5. exd4 a6 6. Nf3 Nc6 7. Bd3 Bg4 8. Be2 e6 9. 0-0 Bb4 10. a3 Bxc3 11. bxc3 Na5 12. Rb1 0-0 13. Bg5 Rc8 14. Qd2 Qd7 15. Ne5 Qa4 16. Bxg4 Ne4 17. Qf4 Nxc3 18. Ra1 f6 19. Bxe6+ Kh8 20. Ng6+ 1-0

[Event "Antwerp World Uni blitz op"]
[Site "Antwerp"]
[Date "2022.09.14"]
[Round "6"]
[White "De Paula, Luan Araujo"]
[Black "Butzen, Robin"]
[Result "0-1"]
[WhiteElo "1814"]
[BlackElo "1887"]
[PlyCount "68"]
[EventDate "2022.09.14"]
[EventType "swiss (blitz)"]
[EventRounds "9"]
[EventCountry "BEL"]
[SourceTitle "CBM 210 Extra"]
[Source "ChessBase"]
[SourceDate "2022.11.30"]
[SourceVersion "1"]
[SourceVersionDate "2022.11.30"]
[SourceQuality "1"]

1. e4 c5 2. d4 cxd4 3. c3 Nf6 4. e5 Nd5 5. cxd4 d6 6. exd6 e6 7. Nf3 Bxd6 8. Nc3 0-0 9. Bd3 Nc6 10. 0-0 Nxc3 11. bxc3 h6 12. Qe2 Ne7 13. Be3 Bd7 14. Rfe1 Qa5 15. Rac1 Ba3 16. Rb1 b6 17. Ne5 Ba4 18. Qg4 f5 19. Qg3 Rf6 20. f4 Qxc3 21. Rec1 Bxc1 22. Rxc1 Qb2 23. Rc7 Re8 24. Qf3 Qa1+ 25. Kf2 Qxa2+ 26. Kg3 Nd5 27. Bf2 Re7 28. Rxe7 Nxe7 29. Qa8+ Rf8 30. Qxa7 Nd5 31. Bb5 Qb3+ 32. Bd3 Bb5 33. Qb7 Bxd3 34. Qd7 Bb5+ 0-1

[Event "Antwerp World Uni op"]
[Site "Antwerp"]
[Date "2022.09.13"]
[Round "3"]
[White "De Paula, Luan Araujo"]
[Black "Butzen, Robin"]
[Result "0-1"]
[WhiteElo "1768"]
[BlackElo "2063"]
[PlyCount "112"]
[EventDate "2022.09.12"]
[EventType "swiss"]
[EventRounds "9"]
[EventCountry "BEL"]
[SourceTitle "EXT 2023"]
[Source "ChessBase"]
[SourceDate "2022.10.05"]
[SourceVersion "1"]
[SourceVersionDate "2022.10.05"]
[SourceQuality "1"]

1. e4 c5 2. Nf3 d6 3. d4 cxd4 4. Nxd4 Nf6 5. f3 e5 6. Bb5+ Nbd7 7. Nb3 Be7 8. Nc3 0-0 9. Bxd7 Bxd7 10. Bg5 Nh5 11. Bxe7 Qxe7 12. Qd2 Be6 13. 0-0-0 Rfd8 14. g3 Rd7 15. Rhe1 Rad8 16. Qe3 b6 17. f4 exf4 18. gxf4 Qh4 19. f5 Bc4 20. Nd4 Re8 21. Rd2 Nf6 22. Qf2 Qh6 23. b3 Ba6 24. Kb2 Bb7 25. Ndb5 Nxe4 26. Nxe4 Bxe4 27. Qd4 d5 28. Nc3 Rde7 29. Nxd5 Bxd5 30. Rxe7 Rxe7 31. Qxd5 Qf6+ 32. c3 h6 33. Qd4 Qxd4 34. cxd4 Re4 35. Kc3 Rf4 36. Kc4 Rxf5 37. d5 Kf8 38. Re2 g5 39. d6 Rc5+ 40. Kd4 Rc8 41. Kd5 Rc5+ 42. Kd4 Rc8 43. b4 f5 44. Kd5 f4 45. d7 Rd8 46. Kd6 f3 47. Re3 g4 48. Re4 h5 49. Re5 Kg7 50. Ke7 Rxd7+ 51. Kxd7 Kg6 52. Re8 Kf5 53. Kd6 h4 54. Kd5 g3 55. hxg3 hxg3 56. Rf8+ Kg4 0-1

[Event "Antwerp World Uni op"]
[Site "Antwerp"]
[Date "2022.09.12"]
[Round "2"]
[White "Butzen, Robin"]
[Black "Allison, James"]
[Result "0-1"]
[WhiteElo "2063"]
[BlackElo "1734"]
[PlyCount "84"]
[EventDate "2022.09.12"]
[EventType "swiss"]
[EventRounds "9"]
[EventCountry "BEL"]
[SourceTitle "EXT 2023"]
[Source "ChessBase"]
[SourceDate "2022.10.05"]
[SourceVersion "1"]
[SourceVersionDate "2022.10.05"]
[SourceQuality "1"]

1. d4 d5 2. c4 e6 3. Nf3 Nf6 4. Nc3 Be7 5. Bf4 0-0 6. e3 Nbd7 7. c5 Ne4 8. Nxe4 dxe4 9. Nd2 e5 10. dxe5 Nxc5 11. Qc2 Bf5 12. Bc4 Nd3+ 13. Bxd3 Qxd3 14. Qxd3 exd3 15. 0-0-0 Rfd8 16. Kb1 b5 17. e6 c5 18. exf7+ Kxf7 19. Be5 c4 20. b3 Rac8 21. Kb2 cxb3 22. Nxb3 Rc2+ 23. Ka1 Rxf2 24. Rhf1 Rxf1 25. Rxf1 Kg6 26. Nd4 Bg4 27. Nf3 Rc8 28. Rd1 Ba3 29. Bb2 Bxb2+ 30. Kxb2 Rc2+ 31. Kb3 Rxg2 32. Ne5+ Kf5 33. Nxg4 Kxg4 34. Rxd3 Rxh2 35. Rd7 g5 36. Rxa7 h5 37. Kb4 Rb2+ 38. Kc5 h4 39. Kd5 h3 40. e4 h2 41. Rh7 Kg3 42. e5 Kg2 0-1

[Event "Bruges Masters"]
[Site "Bruges"]
[Date "2019.08.13"]
[Round "6"]
[White "Butzen, Robin"]
[Black "Goudriaan, Etienne"]
[Result "0-1"]
[WhiteElo "1967"]
[BlackElo "2341"]
[PlyCount "40"]
[EventDate "2019.08.11"]
[EventType "swiss"]
[EventRounds "9"]
[EventCountry "BEL"]
[SourceTitle "CBM 191 Extra"]
[Source "ChessBase"]
[SourceDate "2019.09.30"]
[SourceVersion "1"]
[SourceVersionDate "2019.09.30"]
[SourceQuality "1"]

1. d4 Nf6 2. c4 e6 3. Nf3 d5 4. g3 Be7 5. Bg2 0-0 6. 0-0 dxc4 7. Qc2 b5 8. a4 b4 9. Nbd2 Bb7 10. Nxc4 Be4 11. Qd1 Nbd7 12. b3 c5 13. Bb2 Rc8 14. Rc1 Qc7 15. e3 Rfd8 16. Qe2 Qb7 17. Na5 Qd5 18. Nc4 cxd4 19. Bxd4 e5 20. Bxa7 Qb7 0-1

[Event "Bruges Masters"]
[Site "Bruges"]
[Date "2019.08.12"]
[Round "4"]
[White "Butzen, Robin"]
[Black "Van Malder, Dries"]
[Result "0-1"]
[WhiteElo "1967"]
[BlackElo "2178"]
[PlyCount "110"]
[EventDate "2019.08.11"]
[EventType "swiss"]
[EventRounds "9"]
[EventCountry "BEL"]
[SourceTitle "CBM 191 Extra"]
[Source "ChessBase"]
[SourceDate "2019.09.30"]
[SourceVersion "1"]
[SourceVersionDate "2019.09.30"]
[SourceQuality "1"]

1. d4 Nf6 2. c4 e6 3. Nf3 Bb4+ 4. Nbd2 b6 5. a3 Bxd2+ 6. Qxd2 Bb7 7. e3 0-0 8. Be2 d6 9. 0-0 Nbd7 10. b4 Ne4 11. Qc2 f5 12. Bb2 Qe8 13. Nd2 Qg6 14. f3 Qg5 15. Nxe4 fxe4 16. f4 Qe7 17. c5 Bd5 18. cxd6 cxd6 19. Rac1 Nf6 20. a4 Qb7 21. Qc7 Qxc7 22. Rxc7 Rfc8 23. Rfc1 Rxc7 24. Rxc7 Ne8 25. Rc3 a6 26. b5 a5 27. Bc4 Nc7 28. Be2 Ne8 29. Bc4 Nc7 30. Ba3 Rd8 31. Bxd5 Nxd5 32. Rc6 Nxe3 33. Bxd6 Nd5 34. Kf2 Kf7 35. Be5 h5 36. Kg3 Re8 37. Kh4 Kg6 38. h3 e3 39. Kg3 Kf5 40. Kf3 h4 41. Bc7 Rc8 42. Bd6 Rg8 43. Bc7 g5 44. fxg5 Rxg5 45. g4+ hxg3 46. Bxg3 Rg8 47. Bc7 Rg1 48. Bxb6 Rf1+ 49. Ke2 Rf2+ 50. Ke1 Ke4 51. Rxe6+ Kd3 52. Re8 Ra2 53. Kf1 Nxb6 54. h4 Ra1+ 55. Kg2 e2 0-1

[Event "NED-ch U20 op"]
[Site "Borne"]
[Date "2019.08.06"]
[Round "2"]
[White "Butzen, Robin"]
[Black "Baselmans, Sam"]
[Result "0-1"]
[WhiteElo "1967"]
[BlackElo "2064"]
[PlyCount "66"]
[EventDate "2019.08.05"]
[EventType "swiss"]
[EventRounds "9"]
[EventCountry "NED"]
[SourceTitle "CBM 191 Extra"]
[Source "ChessBase"]
[SourceDate "2019.09.30"]
[SourceVersion "1"]
[SourceVersionDate "2019.09.30"]
[SourceQuality "1"]

1. c4 Nf6 2. d4 g6 3. Nc3 Bg7 4. e4 d6 5. Be2 0-0 6. Nf3 Na6 7. 0-0 e5 8. d5 Nc5 9. Qc2 a5 10. Ne1 Nfd7 11. Bd2 f5 12. f3 f4 13. b3 g5 14. g4 h5 15. h3 Kf7 16. Ng2 Rh8 17. a3 Rh6 18. b4 axb4 19. axb4 Rxa1 20. Rxa1 Na6 21. Nb5 hxg4 22. hxg4 c6 23. dxc6 bxc6 24. Nxd6+ Rxd6 25. c5 Ndxc5 26. bxc5 Rxd2 27. Qc4+ Be6 28. Qxa6 Rxe2 29. Qb7+ Kf6 30. Ra7 Bf8 31. Kh2 Qd2 32. Kh3 Bxg4+ 33. fxg4 Qd3+ 0-1

[Event "Brasschaat op 18th"]
[Site "Brasschaat"]
[Date "2018.08.22"]
[Round "5"]
[White "Butzen, Robin"]
[Black "Ismail, Tamer"]
[Result "1-0"]
[WhiteElo "1899"]
[BlackElo "1999"]
[PlyCount "55"]
[EventDate "2018.08.18"]
[EventType "swiss"]
[EventRounds "9"]
[EventCountry "BEL"]
[SourceTitle "CBM 186 Extra"]
[Source "ChessBase"]
[SourceDate "2018.08.24"]
[SourceVersion "1"]
[SourceVersionDate "2018.08.24"]
[SourceQuality "1"]

1. d4 d6 2. Nf3 Nf6 3. g3 g6 4. Bg2 Bg7 5. 0-0 0-0 6. h3 c6 7. c4 Nbd7 8. Nc3 e5 9. e4 Re8 10. Be3 a5 11. Qc2 exd4 12. Nxd4 Nc5 13. Rad1 Qe7 14. Rfe1 Ne6 15. f4 Nh5 16. Kh2 Nxd4 17. Bxd4 Bxd4 18. Rxd4 f5 19. Qd2 Nf6 20. Rxd6 Nd5 21. e5 Nxc3 22. Qxc3 Be6 23. Red1 Qf7 24. Bf1 a4 25. Qb4 Reb8 26. R1d4 b5 27. cxb5 cxb5 28. Bg2 1-0

[Event "Brasschaat op 18th"]
[Site "Brasschaat"]
[Date "2018.08.19"]
[Round "2"]
[White "Docx, Stefan"]
[Black "Butzen, Robin"]
[Result "1-0"]
[WhiteElo "2444"]
[BlackElo "1899"]
[PlyCount "59"]
[EventDate "2018.08.18"]
[EventType "swiss"]
[EventRounds "9"]
[EventCountry "BEL"]
[SourceTitle "CBM 186 Extra"]
[Source "ChessBase"]
[SourceDate "2018.08.24"]
[SourceVersion "1"]
[SourceVersionDate "2018.08.24"]
[SourceQuality "1"]

1. Nf3 Nf6 2. c4 c6 3. Nc3 d5 4. e3 Nbd7 5. d4 e6 6. Qc2 Bd6 7. Bd3 0-0 8. 0-0 dxc4 9. Bxc4 b5 10. Be2 Bb7 11. a3 Qe7 12. e4 e5 13. dxe5 Nxe5 14. Nh4 Bc5 15. Nf5 Qe6 16. Kh1 Bb6 17. f4 Nc4 18. e5 Nd7 19. Ne4 f6 20. Nfd6 Nxd6 21. Nxd6 Rab8 22. f5 Qxe5 23. Bf4 Qc5 24. Qb3+ Qd5 25. Qg3 Ne5 26. Rad1 Bd4 27. Bh6 Ng6 28. fxg6 gxh6 29. gxh7+ Kh8 30. Nf5 1-0

[Event "BEL-ch U14"]
[Site "Blankenberge"]
[Date "2015.04.13"]
[Round "3"]
[White "Butzen, Robin"]
[Black "Godde, Matthias"]
[Result "0-1"]
[WhiteElo "1620"]
[BlackElo "1511"]
[PlyCount "57"]
[EventDate "2015.04.12"]
[EventType "swiss"]
[EventRounds "9"]
[EventCountry "BEL"]
[SourceTitle "CBM 166 Extra"]
[Source "ChessBase"]
[SourceDate "2015.06.18"]
[SourceVersion "1"]
[SourceVersionDate "2015.06.18"]
[SourceQuality "1"]

1. d4 Nf6 2. c4 e6 3. Nc3 Bb4 4. a3 Bxc3+ 5. bxc3 d5 6. e3 0-0 7. Nf3 b6 8. cxd5 exd5 9. Bd3 Bg4 10. h3 Bh5 11. 0-0 Nbd7 12. Be2 c5 13. Bb2 Rc8 14. Rc1 c4 15. Ne1 Bg6 16. h4 Ne4 17. h5 Bf5 18. g4 Be6 19. f3 Ng3 20. Rf2 f5 21. Rg2 Nxe2+ 22. Qxe2 fxg4 23. fxg4 Nf6 24. g5 Ne4 25. g6 h6 26. Nf3 Bh3 27. Rh2 Bg4 28. Rf1 Ng3 29. Ra1 0-1